Η ζωή και οι αξίες στο απόσπασμα βιογραφικό 1949-2009

Αποθηκεύτηκε σε:
Λεπτομέρειες βιβλιογραφικής εγγραφής
Κύριος συγγραφέας: Βακαλόπουλος, Σταμάτης Γ.
Μορφή: Βιβλίο
Γλώσσα:Greek
Δημοσίευση: [Σάμος] : [χ.ό.], [2011?].
Θέματα:
Ετικέτες: Προσθήκη ετικέτας
Δεν υπάρχουν, Καταχωρήστε ετικέτα πρώτοι!

MARC

LEADER 00000cam a2200000 i 4500
001 1/13248
008 110524q2011 gr | ||| |||| ||gre||
035 |l 10110123 
040 |a GR-MyUA  |b gre  |e AACR2 
041 0 |a gre 
082 0 |a 938.774  |2 (22) 
100 1 |a Βακαλόπουλος, Σταμάτης Γ. 
245 1 2 |a Η ζωή και οι αξίες στο απόσπασμα βιογραφικό 1949-2009 /   |c έκδοση - επιμέλεια Σταμάτη Βακαλόπουλου.  
260 |a [Σάμος] :   |b [χ.ό.],   |c [2011?].  
300 |a 242 σ. ;   |c 23 εκ.  
600 1 0 |a Βακαλόπουλος, Σταμάτης Γ. 
651 0 |a Greece  |x History  |y Civil War, 1944-1949  |v Personal narratives. 
852 |a INST  |b SAMOS  |e 20110524  |h 938.774 ΒΑΚ  |p 005300032700  |q 005300032700  |t BK  |y 0 
901 |a BIBL3-2011-2 
970 |z 2011/05/24